[Event "Championnat de France des Jeunes - Minim"]
[Site "Aix-les-Bains"]
[Date "2009.??.??"]
[Round "4.10"]
[White "Divine, Armand"]
[Black "Grignon, Maxime"]
[Result "1-0"]
[WhiteElo "2018"]
[BlackElo "1878"]
[PlyCount "77"]

1. e4 e5 2. Nf3 Nc6 3. Bb5 a6 4. Ba4 Nf6 5. O-O Be7 6. Re1 b5 7. Bb3 d6 8. c3
O-O 9. h3 Na5 10. Bc2 c5 11. d4 Qc7 12. d5 Bd7 13. b3 Nb7 14. Nbd2 g6 15. Nf1
Ne8 16. Bh6 Ng7 17. g4 f6 18. Ng3 Nd8 19. c4 Nf7 20. Bd2 b4 21. Qe2 a5 22. a4
Kh8 23. Nh2 Rg8 24. Kh1 Raf8 25. h4 f5 26. exf5 gxf5 27. Nxf5 Nxf5 28. gxf5
Bxh4 29. f6 Bxf6 30. Bxh7 Rg7 31. Bc2 Ng5 32. Qh5+ Kg8 33. Rg1 Be8 34. Qh4 Qe7
35. Ng4 Nh7 36. Nxf6+ Nxf6 37. Rxg7+ Kxg7 38. Qh6+ Kf7 39. Qg6# 1-0

[Event "Championnat de France des Jeunes - Minim"]
[Site "Aix-les-Bains"]
[Date "2009.??.??"]
[Round "4.11"]
[White "Rachid, Danial"]
[Black "Billon, Olivier"]
[Result "1/2-1/2"]
[WhiteElo "1901"]
[BlackElo "1995"]
[PlyCount "39"]

1. e4 c5 2. Nc3 Nc6 3. Bb5 g6 4. Bxc6 bxc6 5. f4 Bg7 6. Nf3 d6 7. d3 Nf6 8. O-O
O-O 9. Qe1 Nd7 10. Kh1 e5 11. Qg3 c4 12. fxe5 Nxe5 13. Nxe5 Bxe5 14. Bf4 cxd3
15. cxd3 Re8 16. d4 Bxd4 17. Rad1 Qb6 18. Bxd6 Ba6 19. Rf3 Bg7 20. e5 1/2-1/2

[Event "Championnat de France des Jeunes - Minim"]
[Site "Aix-les-Bains"]
[Date "2009.??.??"]
[Round "4.12"]
[White "Bertrand, Quentin"]
[Black "Touzeau, Maxime"]
[Result "0-1"]
[WhiteElo "1992"]
[BlackElo "1876"]
[PlyCount "62"]

1. e4 c5 2. Nf3 d6 3. d4 cxd4 4. Nxd4 Nf6 5. Nc3 g6 6. Bc4 Bg7 7. O-O O-O 8.
Re1 Nc6 9. Bb3 Ng4 10. Nxc6 bxc6 11. h3 Nh6 12. Bg5 Kh8 13. Qd2 Ng8 14. Rad1
Be6 15. Qe3 Bxb3 16. axb3 f6 17. Bh4 Qc7 18. Ra1 e5 19. Ra6 f5 20. f3 fxe4 21.
fxe4 Bh6 22. Qe2 Nf6 23. Rea1 Nh5 24. Qc4 Be3+ 25. Kh1 Rac8 26. Qd3 Bb6 27. Rd1
Qf7 28. Ne2 g5 29. Bxg5 Rg8 30. Be3 Ng3+ 31. Kh2 Nf1+ 0-1

[Event "Championnat de France des Jeunes - Minim"]
[Site "Aix-les-Bains"]
[Date "2009.??.??"]
[Round "4.13"]
[White "Cayla, Jonathan"]
[Black "Ollier, Milan"]
[Result "0-1"]
[WhiteElo "1863"]
[BlackElo "1991"]
[PlyCount "96"]

1. Nf3 c5 2. c4 Nc6 3. d4 cxd4 4. Nxd4 e5 5. Nb5 d6 6. g3 Be6 7. b3 a6 8. N5c3
Nf6 9. Bg2 Rc8 10. O-O Be7 11. Na3 Qa5 12. Bb2 O-O 13. Nc2 b5 14. cxb5 axb5 15.
Ne3 Rfd8 16. Ned5 Nxd5 17. Bxd5 Bh3 18. Bg2 Bxg2 19. Kxg2 Bg5 20. Nd5 Ne7 21.
Bc1 Nxd5 22. Bxg5 Nc3 23. Qd3 f6 24. Bd2 d5 25. e3 d4 26. a3 Qa8+ 27. e4 Nxe4
28. Kg1 Nxd2 29. Qxd2 Qd5 30. a4 d3 31. axb5 Qxb5 32. Qa2 h5 33. b4+ Qd5 34.
Rfd1 Rc2 35. Qxd5+ Rxd5 36. Ra3 e4 37. Rb3 Rb5 38. h4 Kf7 39. Kf1 Ke6 40. Ra1
Rc4 41. Rab1 Ke5 42. Ke1 f5 43. R1b2 f4 44. Kd2 fxg3 45. fxg3 Kd4 46. Ke1 e3
47. Kd1 Rf5 48. Ke1 Rc1# 0-1

[Event "Championnat de France des Jeunes - Minim"]
[Site "Aix-les-Bains"]
[Date "2009.??.??"]
[Round "4.14"]
[White "Domenech, Vianney"]
[Black "Chauvet, Vincent"]
[Result "1-0"]
[WhiteElo "1987"]
[BlackElo "1810"]
[PlyCount "123"]

1. d4 c5 2. c3 Nf6 3. Nf3 e6 4. Bf4 Nc6 5. a3 d5 6. e3 Bd6 7. Bg3 Bxg3 8. hxg3
Qd6 9. Nbd2 e5 10. dxe5 Nxe5 11. Nxe5 Qxe5 12. Bb5+ Bd7 13. Bxd7+ Nxd7 14. Rh5
f5 15. Nf3 Qe6 16. Qa4 g6 17. Rh6 Kf8 18. O-O-O b5 19. Qh4 Qe4 20. Rxh7 Qxh4
21. Rxh4 Rxh4 22. Nxh4 Kf7 23. Rxd5 Ke6 24. Rd2 g5 25. Nxf5 Ne5 26. Nd6 c4 27.
Nxb5 Rh8 28. b3 Rh1+ 29. Kc2 Ra1 30. bxc4 Nxc4 31. Rd4 Ne5 32. f4 Nf7 33. g4
Ra2+ 34. Kb3 Rxg2 35. f5+ Ke7 36. Nxa7 Rg1 37. Nc6+ Kf8 38. a4 Rb1+ 39. Kc4 Rb6
40. Kc5 Rb3 41. c4 Rxe3 42. a5 Ra3 43. Kb6 Rb3+ 44. Ka7 Kg7 45. a6 Kh6 46. Rd7
Rb1 47. Rb7 Rd1 48. Kb8 Nd8 49. Nxd8 Rxd8+ 50. Kc7 Rc8+ 51. Kd6 Rc6+ 52. Ke7
Rxa6 53. Rd7 Kg7 54. Rd6 Ra7+ 55. Ke6 Ra3 56. f6+ Kg6 57. Rd5 Ra6+ 58. Ke7 Ra3
59. f7 Re3+ 60. Kf8 Re4 61. Kg8 Re8+ 62. fxe8=Q+ 1-0

[Event "Championnat de France des Jeunes - Minim"]
[Site "Aix-les-Bains"]
[Date "2009.??.??"]
[Round "4.15"]
[White "Palacios-Aguilar, Diego-Andre"]
[Black "Mouhamad, Joachin"]
[Result "1-0"]
[WhiteElo "1862"]
[BlackElo "1978"]
[PlyCount "97"]

1. e4 d6 2. Bc4 Nf6 3. Nc3 g6 4. d4 Bg7 5. h3 c6 6. Nf3 b5 7. Bd3 O-O 8. O-O
Nbd7 9. Ne2 e5 10. c3 a6 11. Bd2 Bb7 12. dxe5 Nxe5 13. Nxe5 dxe5 14. Be3 Nd7
15. b4 Qe7 16. a4 Rfd8 17. Qb3 Kh8 18. c4 f5 19. axb5 cxb5 20. cxb5 f4 21. bxa6
fxe3 22. axb7 exf2+ 23. Kxf2 Rab8 24. Kg1 Rxb7 25. Rf7 Qd6 26. Ra6 Rb6 27. Ra7
Rxb4 28. Qa3 Bf8 29. Kh2 Nf6 30. Nc3 Rb6 31. Qxd6 Rbxd6 32. Nd5 Nxd5 33. Rxh7+
Kg8 34. Bc4 g5 35. Bxd5+ Rxd5 36. exd5 Rxd5 37. Rhd7 Rc5 38. Ra8 Rc6 39. Re8
Rf6 40. Kg3 Rf7 41. Rdd8 Kg7 42. Rxe5 Kg6 43. Ree8 Bg7 44. Rd5 Bc3 45. Re6+ Kh5
46. Kh2 Rh7 47. g4+ Kh4 48. Rg6 Bb4 49. Rgxg5 1-0

[Event "Championnat de France des Jeunes - Minimettes"]
[Site "Aix les Bains"]
[Date ""]
[Round "4.1"]
[White "Le Bail, Arielle"]
[Black "Neuhauser, Salome"]
[Result "0-1"]
[WhiteElo "1859"]
[BlackElo "1977"]
[Annotator ""]

1. d4 Nf6 2. c4 e6 3. Nc3 Bb4 4. e3 b6 5. Bd3 Bb7 6. Nge2 Bxg2 7. Rg1 Bf3 8.
Rg3 Bh5 9. e4 Nc6 10. e5 Ng8 11. Qc2 Nge7 12. Bg5 Qc8 13. O-O-O Bg6 14. Rg4 Nf5
15. a3 Be7 16. Bxe7 Nfxe7 17. Ng3 Qa6 18. Nb5 O-O-O 19. Re1 Kb8 20. d5 exd5 21.
cxd5 Nxd5 22. Ne4 Qb7 23. Qc4 Nxe5 24. Nc5 Nxc4 25. Nxb7 Bxd3 26. Nxd8 Rxd8 27.
Rd4 Nxb2 28. Kxb2 Bxb5 29. Rxd5 Bc6 30. Rf5 f6 31. Rg1 Be4 32. Rf4 Bg6 33. Rd4
d6 34. Rgd1 Re8 35. R4d2 Kb7 36. Rc1 Re5 37. Kb3 Bf7+ 38. Kb2 g6 39. Rc3 f5 40.
Rh3 Bg8 41. Rc3 d5 42. Re3 Re4 43. Rc3 c5 44. f3 Re1 45. Rcd3 d4 46. Rc2 Bd5
47. a4 g5 48. a5 h5 0-1

[Event "Championnat de France des Jeunes - Minim"]
[Site "Aix les Bains"]
[Date "2009.??.??"]
[Round "4.2"]
[White "Haussernot, Cecile"]
[Black "De Seroux, Camille"]
[Result "1-0"]
[WhiteElo "1924"]
[BlackElo "1909"]
[PlyCount "59"]

1. e4 e5 2. Nf3 d6 3. d4 Nd7 4. Bc4 c6 5. O-O Be7 6. c3 Ngf6 7. Re1 O-O 8. Nbd2
h6 9. h3 Qc7 10. Nf1 Re8 11. Qb3 Rf8 12. g4 Nb6 13. Ng3 Nxc4 14. Qxc4 Re8 15.
g5 hxg5 16. Nxg5 Bf8 17. f4 d5 18. Qf1 exd4 19. e5 dxc3 20. bxc3 Nh7 21. Nf3 g6
22. Be3 Qa5 23. f5 gxf5 24. Qg2 Kh8 25. Kh1 Bc5 26. Ng5 Nxg5 27. Bxg5 Rg8 28.
Bf6+ Kh7 29. Qf3 Rg6 30. Nh5 1-0

[Event "Championnat de France des Jeunes - Minim"]
[Site "Aix les Bains"]
[Date "2009.??.??"]
[Round "4.3"]
[White "Auvray, Juliette"]
[Black "Soubirou, Oriane"]
[Result "0-1"]
[WhiteElo "1921"]
[BlackElo "1855"]
[PlyCount "48"]

1. e4 c5 2. Nf3 d6 3. d4 cxd4 4. Nxd4 Nf6 5. Nc3 a6 6. f3 e6 7. Be3 b5 8. Qd2
Nbd7 9. O-O-O Bb7 10. g4 Nb6 11. Qf2 Nfd7 12. Bd3 Rc8 13. Nce2 Qc7 14. Ng3 Nc5
15. Kb1 Nba4 16. h4 d5 17. e5 Qxe5 18. Nh5 Qc7 19. Rhe1 Nxb2 20. Kxb2 Na4+ 21.
Kc1 Qc3 22. Nxb5 axb5 23. Bd4 Ba3+ 24. Kb1 Qb4+ 0-1

[Event "Championnat de France des Jeunes - Minim"]
[Site "Aix les Bains"]
[Date "2009.??.??"]
[Round "4.4"]
[White "Lefevre, Margaux"]
[Black "Llacer, Cassandra"]
[Result "1-0"]
[WhiteElo "2021"]
[BlackElo "1910"]
[PlyCount "113"]

1. e4 d5 2. exd5 Qxd5 3. Nc3 Qd6 4. d4 Nf6 5. Nf3 a6 6. Ne5 b5 7. Bf4 Qb6 8. a4
e6 9. Be2 b4 10. a5 Qa7 11. Na2 c5 12. Nc4 Nbd7 13. c3 bxc3 14. bxc3 cxd4 15.
cxd4 Nd5 16. Nd6+ Bxd6 17. Bxd6 N7f6 18. O-O Qd7 19. Ba3 Ne7 20. Bf3 Rb8 21.
Rb1 Rxb1 22. Qxb1 O-O 23. Bc5 Rd8 24. Bb6 Re8 25. Rc1 Nfd5 26. Nc3 h6 27. h3
Bb7 28. Ne4 Nc6 29. Nc5 Qc8 30. Qb2 Qa8 31. Bd1 Rc8 32. Ba4 Nce7 33. Nxb7 Qxb7
34. Rb1 Nc3 35. Ra1 Nxa4 36. Rxa4 Nd5 37. Ra3 Qc6 38. Bc5 Qc7 39. Qe2 Qc6 40.
Rb3 Nf4 41. Qg4 Nd5 42. Rg3 g6 43. h4 Qb5 44. h5 Qb1+ 45. Kh2 Nf6 46. Qf3 Nd7
47. hxg6 fxg6 48. Qe2 Nxc5 49. dxc5 Qf5 50. Qxa6 Rxc5 51. Qa8+ Kg7 52. Qb7+ Kg8
53. a6 Qh5+ 54. Rh3 Qe5+ 55. g3 Qd4 56. Kg2 Qd2 57. Qb8+ 1-0

[Event "Championnat de France des Jeunes - Minim"]
[Site "Aix les Bains"]
[Date "2009.??.??"]
[Round "4.5"]
[White "Armas, Lena"]
[Black "Josse, Mathilde"]
[Result "0-1"]
[WhiteElo "1814"]
[BlackElo "1681"]
[PlyCount "125"]

1. e4 g6 2. c3 Bg7 3. d4 d6 4. Nf3 Nf6 5. Qc2 Nbd7 6. Bc4 O-O 7. O-O e5 8. Bg5
Qe7 9. Re1 h6 10. Bh4 g5 11. Bg3 Nh5 12. Qd3 Bf6 13. dxe5 dxe5 14. Nfd2 Nc5 15.
Qe3 Be6 16. b4 Nd7 17. Bxe6 Qxe6 18. Nb3 Bg7 19. N1d2 Rfc8 20. Nf1 b6 21. Rad1
c5 22. Qe2 Nf4 23. Qb5 Rc6 24. Ne3 a6 25. Qc4 Ra7 26. Qxe6 Nxe6 27. Nf5 Kf8 28.
Rd6 Rac7 29. Red1 Rxd6 30. Nxd6 Ke7 31. Nf5+ Kf8 32. f3 Nf4 33. Kf1 cxb4 34.
cxb4 f6 35. Rc1 Rxc1+ 36. Nxc1 Kf7 37. Nxg7 Kxg7 38. Bf2 h5 39. h4 Kg6 40. hxg5
Kxg5 41. Be3 h4 42. Ne2 f5 43. Nxf4 exf4 44. Bf2 b5 45. Ke2 fxe4 46. fxe4 Ne5
47. Bd4 Nc6 48. Bc5 Kg6 49. Kf3 Kg5 50. a3 Nd8 51. Bd4 Nc6 52. Bh8 Nd8 53. e5
Kf5 54. Bf6 Nf7 55. Bg7 Nxe5+ 56. Bxe5 Kxe5 57. Kg4 Ke4 58. Kxh4 f3 59. gxf3+
Kxf3 60. Kg5 Ke3 61. Kf5 Kd3 62. Ke5 Kc4 63. Kd6 0-1

[Event "Championnat de France des Jeunes - Minim"]
[Site "Aix les Bains"]
[Date "2009.??.??"]
[Round "4.6"]
[White "Pinault, Mailys"]
[Black "Colin, Phanie"]
[Result "1-0"]
[WhiteElo "1686"]
[BlackElo "1800"]
[PlyCount "101"]

1. e4 c5 2. Nc3 Nc6 3. g3 g6 4. Bg2 Bg7 5. d3 e6 6. f4 Nge7 7. Nf3 d5 8. O-O
O-O 9. Bd2 Rb8 10. a4 a6 11. Rb1 b5 12. axb5 axb5 13. e5 Bd7 14. Ra1 Qb6 15.
Kh1 Ra8 16. g4 Rfc8 17. Qe1 Nd4 18. Rxa8 Rxa8 19. Nxd4 cxd4 20. Ne2 Rc8 21. Bb4
Nc6 22. Bd6 Nd8 23. Qd2 Nb7 24. Be7 Na5 25. Ng3 Nb7 26. Qe2 Qc7 27. Rf2 Ra8 28.
Qe1 Qa5 29. Qxa5 Nxa5 30. Bc5 Nc6 31. Ne2 Ra2 32. Bxd4 Nxd4 33. Nxd4 Rxb2 34.
Rf1 Rb4 35. c3 Rb2 36. Kg1 Rd2 37. Ra1 f6 38. Ra7 fxe5 39. fxe5 Be8 40. Ra8 Kf7
41. Ra7+ Kg8 42. Nxe6 Bxe5 43. d4 Bh8 44. Bxd5 Rd1+ 45. Kg2 Rd2+ 46. Kf3 Rxh2
47. Ng5+ Kf8 48. Nxh7+ Rxh7 49. Rxh7 Bg7 50. Kf4 Bd7 51. Kg5 1-0

[Event "Championnat de France des Jeunes - Minim"]
[Site "Aix les Bains"]
[Date "2009.??.??"]
[Round "4.7"]
[White "Benac, Anais"]
[Black "Copin, Oceane"]
[Result "1-0"]
[WhiteElo "1680"]
[BlackElo "1790"]
[PlyCount "83"]

1. e4 d5 2. exd5 Qxd5 3. Nc3 Qd6 4. Nf3 Bg4 5. Bc4 Nf6 6. h3 Bh5 7. d3 Nc6 8.
Nb5 Qd7 9. g4 Bg6 10. Bf4 Rc8 11. Qd2 a6 12. Nc3 e6 13. a3 Be7 14. Rg1 Nd5 15.
Nxd5 exd5 16. Bb3 O-O 17. O-O-O b5 18. h4 h6 19. h5 Bh7 20. g5 hxg5 21. Nxg5
Bf6 22. Nxh7 Kxh7 23. Bg5 Qf5 24. h6 Nd4 25. hxg7 Bxg7 26. Rh1+ Kg8 27. Bh6 Nf3
28. Qf4 Qxf4+ 29. Bxf4 Nd4 30. Be3 Nxb3+ 31. cxb3 Rfe8 32. Rdg1 Re6 33. Rg5 Re5
34. Rg3 Re6 35. Rhg1 Rg6 36. Rxg6 fxg6 37. Rxg6 c6 38. Bh6 Rc7 39. Bxg7 Rxg7
40. Rxc6 Rf7 41. Rxa6 Rxf2 42. Ra5 1-0

[Event "Championnat de France des Jeunes - Minim"]
[Site "Aix les Bains"]
[Date "2009.??.??"]
[Round "4.8"]
[White "Alonso, Audrey"]
[Black "Abidi, Ines"]
[Result "0-1"]
[WhiteElo "1774"]
[BlackElo "1643"]
[PlyCount "73"]

1. e4 e6 2. d4 d5 3. exd5 exd5 4. Bd3 Bd6 5. Ne2 Ne7 6. Bf4 Bf5 7. c3 c6 8.
Bxd6 Qxd6 9. O-O Bxd3 10. Qxd3 Nd7 11. Nd2 O-O 12. Ng3 Nf6 13. Nf3 Rfe8 14. Ne5
Ng6 15. f4 c5 16. Rad1 cxd4 17. Nxg6 hxg6 18. Qxd4 b6 19. Kh1 Qc5 20. Rd2 Re3
21. Qa4 Ng4 22. Qd1 Nf6 23. Ne2 Rae8 24. Nc1 Qc4 25. Nb3 Re2 26. Rd4 Qc8 27.
Rd2 Qg4 28. Rg1 Rxd2 29. Nxd2 Qxf4 30. Rf1 Qe3 31. Nf3 Qe2 32. Re1 Qxd1 33.
Rxd1 Re2 34. Nd2 Ng4 35. Kg1 Ne3 36. Re1 Rxe1+ 37. Kf2 0-1

[Event "Championnat de France des Jeunes - Minim"]
[Site "Aix les Bains"]
[Date "2009.??.??"]
[Round "4.9"]
[White "Saucey, Capucine"]
[Black "Perrier, Lea"]
[Result "1-0"]
[WhiteElo "1764"]
[BlackElo "1596"]
[PlyCount "101"]

1. e4 d5 2. exd5 Qxd5 3. Nc3 Qa5 4. d4 Nf6 5. Bc4 Bg4 6. f3 Bf5 7. Nge2 e6 8.
Bd2 c6 9. O-O Qc7 10. Bf4 Bd6 11. Bxd6 Qxd6 12. Ng3 Bg6 13. Kh1 Nbd7 14. Re1
O-O 15. Nce4 Qc7 16. c3 Rad8 17. Qe2 Nd5 18. Bxd5 cxd5 19. Nf2 Rc8 20. Ng4 Qc4
21. Qxc4 Rxc4 22. Ne5 Nxe5 23. Rxe5 Rfc8 24. f4 Rd8 25. f5 exf5 26. Nxf5 Bxf5
27. Rxf5 Rc7 28. Re1 Kf8 29. Kg1 f6 30. g4 Re7 31. Kf2 Rxe1 32. Kxe1 Kf7 33.
Kd2 g6 34. Rf3 Ke6 35. Rh3 Rd7 36. Re3+ Kf7 37. b3 b5 38. Kd3 Re7 39. Rf3 Rc7
40. h4 Kg7 41. Rf2 g5 42. hxg5 fxg5 43. Rf5 Kg6 44. Rxd5 Rf7 45. Rxb5 Rf4 46.
Re5 Rxg4 47. d5 Rf4 48. d6 Rf7 49. c4 g4 50. c5 g3 51. Re3 1-0

[Event "Championnat de France des Jeunes - Minim"]
[Site "Aix les Bains"]
[Date "2009.??.??"]
[Round "4.10"]
[White "Ranc, Candice"]
[Black "Thuret, Marine"]
[Result "0-1"]
[WhiteElo "1590"]
[BlackElo "1764"]
[PlyCount "76"]

1. e4 c5 2. Nf3 d6 3. c3 Nf6 4. h3 a6 5. Bd3 b5 6. Bc2 Bb7 7. Qe2 Nbd7 8. d4 e6
9. Bg5 Be7 10. O-O O-O 11. Nbd2 Rc8 12. Rad1 cxd4 13. Nxd4 b4 14. c4 Qa5 15.
Bxf6 Bxf6 16. N2b3 Qc7 17. Bd3 Qb6 18. Qe3 Rfe8 19. Rd2 d5 20. cxd5 exd5 21. f3
Ne5 22. Bb1 Nc4 23. Qe2 Nxd2 24. Qxd2 dxe4 25. fxe4 Bxe4 26. Qf2 Bxb1 27. Rxb1
a5 28. Nf3 Qxf2+ 29. Kxf2 Rc2+ 30. Kf1 a4 31. Nbd4 Rc4 32. Nf5 Rd8 33. Ne3 Rc6
34. Ke2 Re6 35. b3 Rde8 36. Kf2 Rxe3 37. bxa4 Re2+ 38. Kf1 Rxa2 0-1

[Event "Championnat de France des Jeunes - Minim"]
[Site "Aix les Bains"]
[Date "2009.??.??"]
[Round "4.11"]
[White "Bellotti, Charlotte"]
[Black "Daadaa, Soha"]
[Result "1/2-1/2"]
[WhiteElo "1758"]
[BlackElo "1590"]
[PlyCount "139"]

1. c4 e5 2. Nc3 Nf6 3. Nf3 Nc6 4. d3 d5 5. cxd5 Nxd5 6. d4 Bb4 7. Bd2 exd4 8.
Nb5 Bc5 9. Rc1 Bb6 10. Bg5 Nf6 11. e3 Ba5+ 12. Nd2 a6 13. Nxd4 Nxd4 14. exd4
Qxd4 15. Bxf6 Qxf6 16. Qa4+ c6 17. Qxa5 Qxb2 18. Qc3 Qxc3 19. Rxc3 O-O 20. Be2
Re8 21. f3 Be6 22. Rc2 Bf5 23. Rb2 Bd3 24. Nb3 Re3 25. Kf2 Rxe2+ 26. Rxe2 Bxe2
27. Kxe2 Re8+ 28. Kd3 b6 29. Rc1 c5 30. a4 Rd8+ 31. Kc3 Rc8 32. Kc4 Kf8 33. Kd5
a5 34. Rc2 Ke7 35. Nd2 Kd7 36. Nc4 Kc7 37. Rb2 Rd8+ 38. Ke5 Re8+ 39. Kf4 Re6
40. g4 Rf6+ 41. Kg3 g5 42. Re2 Rf4 43. Re4 Rf6 44. Re7+ Kc6 45. Ra7 Kd5 46.
Nxa5 bxa5 47. Rxa5 Kd4 48. Rb5 c4 49. Rxg5 c3 50. Rg8 Rc6 51. Rd8+ Ke3 52. Rd7
c2 53. Rxf7 h6 54. Re7+ Kd3 55. Re1 c1=Q 56. Rxc1 Rxc1 57. f4 Ra1 58. Kh4 Rxa4
59. f5 Ke4 60. Kh5 Ke5 61. h3 Ra3 62. Kxh6 Rxh3+ 63. Kg6 Rg3 64. g5 Kf4 65. f6
Rxg5+ 66. Kh7 Rf5 67. Kg7 Rg5+ 68. Kh7 Ra5 69. f7 Ra7 70. Kg8 1/2-1/2

[Event "Championnat de France des Jeunes - Minim"]
[Site "Aix les Bains"]
[Date "2009.??.??"]
[Round "4.12"]
[White "Daif, Sarah"]
[Black "Uhl, Sarah"]
[Result "1-0"]
[WhiteElo "1588"]
[BlackElo "1729"]
[PlyCount "90"]

1. d4 Nf6 2. Nf3 e6 3. c3 Be7 4. Bf4 b6 5. h3 Bb7 6. Nbd2 d6 7. e3 Nbd7 8. Be2
O-O 9. O-O c5 10. Bc4 Re8 11. Qe2 a6 12. a4 Nf8 13. Bg3 d5 14. Bb3 N8d7 15. Bc2
c4 16. Ne5 Nxe5 17. Bxe5 h6 18. Bg3 b5 19. axb5 axb5 20. b3 b4 21. cxb4 cxb3
22. Nxb3 Bxb4 23. Rxa8 Bxa8 24. Qb5 Be7 25. Bd3 Qd7 26. Qxd7 Nxd7 27. Bb5 Rd8
28. Ra1 Nf6 29. Ra7 Bb4 30. Kf1 Ne4 31. Bc7 Rf8 32. Bd3 Nf6 33. Ke2 Bc6 34. Be5
Nd7 35. Bg3 Nf6 36. Ra6 Bd7 37. Bd6 Rc8 38. Bxb4 Ne4 39. Bxe4 dxe4 40. Kd2 Bb5
41. Rb6 Bf1 42. g3 Bxh3 43. Nc5 Bf5 44. Rb7 Ra8 45. Bc3 Ra2+ 1-0

[Event "Championnat de France des Jeunes - Minim"]
[Site "Aix les Bains"]
[Date "2009.??.??"]
[Round "4.13"]
[White "Guo, Charlotte"]
[Black "Bogen, Fanny"]
[Result "0-1"]
[WhiteElo "1713"]
[BlackElo "1570"]
[PlyCount "112"]

1. e4 c5 2. Nf3 Nf6 3. d4 Nxe4 4. d5 d6 5. Bb5+ Nd7 6. O-O a6 7. Bd3 Nef6 8. c4
Rb8 9. Nc3 Ng4 10. Re1 Nde5 11. Bf4 Nxd3 12. Qxd3 e6 13. dxe6 fxe6 14. Rad1 Be7
15. Bxd6 Bxd6 16. Qxd6 Qxd6 17. Rxd6 O-O 18. Red1 b5 19. cxb5 axb5 20. h3 Nh6
21. Ne5 Nf7 22. Nxf7 Rxf7 23. Rd8+ Rf8 24. Ne4 c4 25. R1d6 Bb7 26. Rxb8 Rxb8
27. Nc5 Bd5 28. Nxe6 Bxe6 29. Rxe6 Kf7 30. Re3 Rc8 31. a3 Kf6 32. Kf1 Rd8 33.
Ke2 Ra8 34. Kd1 Kf5 35. Re7 Rd8+ 36. Kc2 Kf6 37. Rb7 Rd5 38. Kc3 Rd3+ 39. Kc2
Rd5 40. Ra7 h5 41. a4 bxa4 42. Rxa4 Re5 43. Kd2 Re4 44. g3 c3+ 45. Kxc3 Rxa4
46. b4 Ra2 47. b5 Rxf2 48. b6 Rf1 49. Kc4 Rb1 50. Kc5 Ke5 51. Kc6 Ke4 52. b7
Kf3 53. g4 hxg4 54. hxg4 Kxg4 55. Kc7 g5 56. b8=Q Rxb8 0-1

[Event "Championnat de France des Jeunes - Minim"]
[Site "Aix les Bains"]
[Date "2009.??.??"]
[Round "4.14"]
[White "Lenoel, Marine"]
[Black "Bertin, Cecile"]
[Result "1-0"]
[WhiteElo "1687"]
[BlackElo "1510"]
[PlyCount "85"]

1. e4 c5 2. Nc3 Nc6 3. g3 e6 4. Bg2 Nf6 5. d3 d5 6. f4 Qe7 7. Nf3 d4 8. Ne2 e5
9. O-O Ng4 10. fxe5 Ncxe5 11. Bf4 Ng6 12. Bd2 Bd7 13. Nf4 Qd6 14. Qe2 O-O-O 15.
Nd5 Re8 16. Qd1 h5 17. Ng5 Be6 18. Nxf7 Bxf7 19. Rxf7 Ne7 20. Nxe7+ Rxe7 21.
Rxe7 Bxe7 22. Bf4 Qf6 23. Bh3 Qg6 24. Qd2 Qb6 25. c3 dxc3 26. bxc3 c4+ 27. d4
Kd8 28. Bxg4 hxg4 29. Qe2 Qc6 30. d5 Bc5+ 31. Kh1 Qa4 32. e5 Qa3 33. Rc1 b5 34.
d6 Re8 35. Bg5+ Kd7 36. Qxg4+ Re6 37. Qe4 Qa6 38. Rf1 Rxe5 39. Rf7+ Kxd6 40.
Be7+ Rxe7 41. Qxe7+ Kc6 42. Qd7+ Kb6 43. Qc7# 1-0

[Event "Championnat de France des Jeunes - Minim"]
[Site "Aix les Bains"]
[Date "????.??.??"]
[Round "4.15"]
[White "Briatte, Coline"]
[Black "Desmet, Cassandra"]
[Result "1-0"]
[WhiteElo "1400"]
[BlackElo "1250"]
[PlyCount "57"]

1. e4 e5 2. Nf3 Nc6 3. Bc4 Bc5 4. c3 Nf6 5. d4 exd4 6. cxd4 Bb4+ 7. Bd2 Bxd2+
8. Nbxd2 d6 9. O-O O-O 10. h3 Re8 11. Re1 b6 12. Qc2 Bb7 13. Nf1 Qd7 14. Ng3 h6
15. Rac1 Na5 16. Bd3 c5 17. dxc5 dxc5 18. e5 Nd5 19. Bh7+ Kf8 20. Bf5 Qc7 21.
a3 Nf4 22. Be4 Rad8 23. Rcd1 Nc6 24. Bxc6 Bxc6 25. Qf5 Ng6 26. Rxd8 Qxd8 27.
Ng5 Re7 28. e6 Bd5 29. Nxf7 1-0

[Event "Championnat de France des Jeunes - Benjamins"]
[Site "AIX LES BAINS"]
[Date ""]
[Round "4.1"]
[White "Roubaud, Alexandre"]
[Black "Giroyan, Gary"]
[Result "1/2-1/2"]
[WhiteElo "2074"]
[BlackElo "2168"]
[Annotator ""]

1. e4 c5 2. Nc3 Nc6 3. f4 g6 4. Nf3 Bg7 5. d3 Rb8 6. g3 b5 7. Bg2 d6 8. O-O e6
9. h3 Nge7 10. Ne2 O-O 11. g4 f5 12. Ng3 b4 13. Re1 a5 14. Rb1 a4 15. Be3 Nd4
16. Nxd4 cxd4 17. Bd2 Qc7 18. Qe2 Bf6 19. Rbc1 Bh4 20. Kh2 fxe4 21. dxe4 g5 22.
Rf1 d5 23. e5 Ng6 24. Nh5 gxf4 25. Bxf4 Nxf4 26. Rxf4 Bd7 27. Rxf8+ Rxf8 28.
Rf1 Rxf1 29. Bxf1 Be8 30. Nf4 Bf6 31. Nxe6 Qxe5+ 32. Qxe5 Bxe5+ 33. Kg1 d3 34.
Bxd3 Bxb2 35. Kf2 Bd7 36. Nf4 Bc6 37. Bf5 1/2-1/2

[Event "Championnat de France des Jeunes - Benja"]
[Site "AIX LES BAINS"]
[Date "2009.04.21"]
[Round "4.2"]
[White "Loiseau, Quentin"]
[Black "Neri, Jean-Baptiste"]
[Result "1-0"]
[WhiteElo "2076"]
[BlackElo "2009"]
[PlyCount "55"]

1. Nf3 Nf6 2. c4 g6 3. Nc3 d5 4. Qa4+ Bd7 5. Qb3 dxc4 6. Qxc4 a6 7. e4 b5 8.
Qe2 Nc6 9. e5 Nb4 10. exf6 Nc2+ 11. Kd1 Nxa1 12. Ne5 Be6 13. Qe4 Rc8 14. Qc6+
Bd7 15. Nxd7 Qxd7 16. Qxd7+ Kxd7 17. b3 exf6 18. Bb2 Nxb3 19. axb3 Bh6 20. Ne4
Rhd8 21. Bxf6 Re8 22. f3 c5 23. g3 Kc6 24. Bg2 Rc7 25. f4 Kb6 26. Be5 Ra7 27.
Nf6 Rd8 28. Nd5+ 1-0

[Event "Championnat de France des Jeunes - Benja"]
[Site "AIX LES BAINS"]
[Date "2009.04.21"]
[Round "4.3"]
[White "Barbot, Pierre"]
[Black "Lemeille, Francois"]
[Result "1/2-1/2"]
[WhiteElo "2050"]
[BlackElo "1931"]
[PlyCount "45"]

1. e4 c5 2. Nf3 d6 3. d4 cxd4 4. Nxd4 Nf6 5. Nc3 a6 6. Be3 e6 7. g4 b5 8. Bg2
Bb7 9. a3 Nbd7 10. Qe2 Nb6 11. Rd1 Nfd7 12. O-O Be7 13. f4 Rc8 14. f5 e5 15.
Ne6 fxe6 16. fxe6 Nc5 17. Nd5 Nc4 18. Bxc5 Rxc5 19. Qf3 Rf8 20. Qh3 Bxd5 21.
exd5 Qb6 22. Kh1 Rc7 23. Qxh7 1/2-1/2

[Event "Championnat de France des Jeunes - Benja"]
[Site "AIX LES BAINS"]
[Date "2009.04.21"]
[Round "4.5"]
[White "Ton-That, Nicolas"]
[Black "Grandadam, Patrick"]
[Result "1/2-1/2"]
[WhiteElo "1841"]
[BlackElo "2055"]
[PlyCount "62"]

1. c4 e6 2. g3 d5 3. Bg2 Nf6 4. Nf3 dxc4 5. Qa4+ Nbd7 6. Qxc4 c5 7. O-O b6 8.
Nc3 Bb7 9. d3 Be7 10. Bf4 O-O 11. Rfd1 Nd5 12. Nxd5 exd5 13. Qc2 d4 14. b4 Rc8
15. Qa4 cxb4 16. Rac1 Bc5 17. e3 Bc6 18. Qb3 Nf6 19. exd4 Bxf3 20. Bxf3 Qxd4
21. Be3 Qd7 22. d4 Bd6 23. d5 Rxc1 24. Rxc1 Rc8 25. Rc6 Bf8 26. Qc4 Rd8 27. Bg5
Bc5 28. Bxf6 gxf6 29. Rxf6 Qe7 30. Qg4+ Kh8 31. Qh4 Re8 1/2-1/2

[Event "Championnat de France des Jeunes - Benja"]
[Site "AIX LES BAINS"]
[Date "2009.04.21"]
[Round "4.6"]
[White "Gueriche, Guillaume"]
[Black "Gautier, Clement"]
[Result "1/2-1/2"]
[WhiteElo "1972"]
[BlackElo "1841"]
[PlyCount "100"]

1. Nf3 Nf6 2. e3 d5 3. b3 e6 4. Bb2 c5 5. d4 Nc6 6. Bb5 Bd7 7. O-O Be7 8. c4 a6
9. cxd5 axb5 10. dxc6 Bxc6 11. Ne5 cxd4 12. Bxd4 O-O 13. Nc3 Nd5 14. Qg4 Bf6
15. Ne4 Kh8 16. Rfd1 Bxe5 17. Bxe5 f6 18. Bb2 Qe7 19. Qe2 f5 20. Nd2 f4 21. e4
Nf6 22. h3 e5 23. Nf3 Nd7 24. a4 b4 25. Rac1 Rad8 26. Qc4 Nb6 27. Qc2 Nd7 28.
Rd2 Rfe8 29. Rcd1 Rc8 30. Rd6 Bxa4 31. Qd2 Bc6 32. Rxd7 Bxd7 33. Nxe5 Be6 34.
Qxf4 Rf8 35. Qg3 Rc2 36. Bd4 Rcc8 37. f4 Rfd8 38. f5 Bxb3 39. Qxb3 Rxd4 40.
Rxd4 Qxe5 41. Qxb4 Re8 42. Qd2 h6 43. Rd8 Rxd8 44. Qxd8+ Kh7 45. Qd5 Qf4 46.
Qd4 Qc1+ 47. Kh2 Qf4+ 48. g3 Qf3 49. h4 h5 50. Qe5 Qe2+ 1/2-1/2